000 00341nam a2200145Ia 4500
008 230718s9999 xx 000 0 und d
041 _aEng.
082 _a348022
_bLAN-I
100 _aLangan, S.T . J.
245 0 _aInterpretation of Status
260 _aPakistan
_bSweet and Moudle
_c1909
300 _a161
650 _aLaw
999 _c28230
_d28230